Statistics for Ultimate Roblox DOORS Quiz

Click here to take the quiz!

General Stats

  • This quiz has been taken 224 times
    (206 since last reset)
  • The average score is 17 of 28

Answer Stats

QuestionAnswer% Correct
Which entity always instantly kills you?Ambush
94%
Which item can you buy from Jeff Shop?Flashlight
87%
What are the entities found in The Rooms?A-60, A-90, A-120, Glitch, Curious Light
81%
Which entity cannot be banished using a crucifix, only stun them?Figure
77%
Which furniture doesn't exist in the experience?Bench
76%
What did the Hotel+ Update add?The Greenhouse, Herb of Viridis
75%
Which entity is only found in Super Hard Mode?Subspace Tripmine
74%
What was the inspiration for ROBLOX DOORS?ROBLOX Experience: Rooms by nicorocks5555
73%
Which entity can be found in the Greenhouse?Jack
72%
Which entity was avaliable as a plush?Screech
71%
When/where can you revive?After a Seek chase scene
70%
How much percentage of a bonus using modifiers do you need to get the Hotel Hell badge?150%
69%
How many books does the player need to collect in the Library?8
69%
The ultimate last 3 questions. Which of these features does not exist?Water Bottles, allows players to regen 30HP after consumption.
69%
Where do you spawn in after you join a server?In the Lobby
65%
Which of these isn't a soundtrack in the game?Rise of Doors
62%
What did the Tower Heroes collaboration add in DOORS?Three Badges
61%
Which of these isn't a real achievement (badge) name?Eviction Note
60%
Which of these modifiers are in the experience?Wear and Tear
55%
Is Super Hard Mode still avaliable?Yes, using modifiers in private servers
55%
What are the currencies that can be used in the experience?Gold, Knobs & Robux
49%
Last question, is Floor 2 coming out?Yes, but the confirmed date has not been announced.
42%
How many UGCs are avaliable in the experience?20
36%
On which date was the Hotel+ Update released?28 January 2023
34%
How many elevators are in the Lobby?10
31%
If you were to forget the curent room number you're in, and there are dupe doors, what should you do?Open doors with sound of rain behind it.
31%
Where is the Figure last seen during the last cutscene in Door 100?An unknown underground part of the hotel.
21%
Which genre is DOORS categorised in?Adventure
10%

Score Distribution

Percentile by Number Answered

Percent of People with Each Score

Your Score History

You have not taken this quiz since the last reset